Placez ces éléments géographiques sur une carte #3 - Statistiques

Statistiques générales
  • Ce quiz a été pris 1 629 fois
  • Le résultat moyen est 9 sur 20
Réponses sur la Carte
Les réponses sont colorées sur une échelle allant du rouge au vert en fonction du pourcentage des utilisateurs qui les ont devinées à leur premier essai. Vous pouvez retrouver ces pourcentages ci-dessous.
 
Statistiques - réponses
Réponse % Correct
Alpes
97%
Taïwan
91%
Mer du Nord
87%
Delta du Nil
80%
Péninsule de Basse-Californie
71%
Lac Malawi
62%
Nouvelle-Guinée
62%
Golfe de Thaïlande
61%
Îles Féroé
43%
Mer Adriatique
32%
Îles Canaries
31%
Désert du Kalahari
29%
Mer d'Aral
27%
Sumatra
27%
Sakhaline
22%
Île de Baffin
21%
Río de la Plata (estuaire)
20%
Golfe d'Aden
17%
Lac Maracaibo
16%
Le Grand Lac de l’Ours
9%
Aucun quiz correspondant
Distribution des résultats
% des personnes avec chaque résultat
Percentile par nombre de réponses
Votre historique - résultats
Vous n’avez pas pris ce quiz